000 00551nam a2200157 a 4500
001 000043456
005 20201002040929.0
008 140318s2013 dr ac 000 0 spa d
020 _a9789945583502
040 _aDO-SdBNP
_bspa
_cBNPHU
100 1 _aCabrera Vásquez, Enrique
_971142
245 1 0 _aPedro Mir y René Del Risco Bermúdez en la literatura dominicana /
_cCabrera Vásquez, Enrique.
260 _aSanto Domingo :
_bSantuario,
_c2013.
300 _a45 p. ;
_c22 cm.
500 _aIncluye datos biogrpáficos del autor en la solapa de la cubieta
999 _c42945
_d42945